[Event "Chron PESEL pl OPEN C"]
[Site "?"]
[Date "2022.12.11"]
[Round "9.9"]
[White "Kowalski, Igor"]
[Black "Grochol, Kamil"]
[Result "1/2-1/2"]
[BlackElo "1903"]
[WhiteElo "2315"]
[LiveChessVersion "1.4.8"]

1. e4 {[%clk 0:10:09]} c5 {[%clk 0:10:09]} 2. Nf3 {[%clk 0:10:12]} Nc6
{[%clk 0:10:13]} 3. d4 {[%clk 0:10:16]} cxd4 {[%clk 0:10:17]} 4. Nxd4
{[%clk 0:10:20]} Nf6 {[%clk 0:10:21]} 5. Nc3 {[%clk 0:10:24]} d6 {[%clk 0:10:25]}
6. f3 {[%clk 0:10:25]} e5 {[%clk 0:10:26]} 7. Nb3 {[%clk 0:10:28]} Be6
{[%clk 0:10:28]} 8. Nd5 {[%clk 0:10:31]} Be7 {[%clk 0:10:04]} 9. Be3
{[%clk 0:10:33]} O-O {[%clk 0:09:15]} 10. Qd2 {[%clk 0:10:36]} a5
{[%clk 0:07:48]} 11. Bb6 {[%clk 0:10:19]} Qd7 {[%clk 0:07:06]} 12. Bb5
{[%clk 0:10:05]} a4 {[%clk 0:06:22]} 13. Na5 {[%clk 0:10:08]} Bd8
{[%clk 0:04:33]} 14. Bxd8 {[%clk 0:07:47]} Raxd8 {[%clk 0:02:07]} 15. Bxa4
{[%clk 0:07:26]} Ra8 {[%clk 0:00:59]} 16. Bxc6 {[%clk 0:05:01]} bxc6
{[%clk 0:01:00]} 17. Nb6 {[%clk 0:05:05]} Qc7 {[%clk 0:00:18]} 18. Nxa8
{[%clk 0:05:05]} Rxa8 {[%clk 0:00:22]} 19. Nb3 {[%clk 0:04:41]} d5
{[%clk 0:00:23]} 20. O-O {[%clk 0:04:39]} dxe4 {[%clk 0:00:22]} 21. fxe4
{[%clk 0:04:43]} Nxe4 {[%clk 0:00:22]} 22. Qe3 {[%clk 0:04:47]} f5
{[%clk 0:00:17]} 23. Rfe1 {[%clk 0:04:03]} Bd5 {[%clk 0:00:15]} 24. Nc5
{[%clk 0:03:55]} f4 {[%clk 0:00:17]} 25. Ne6 {[%clk 0:03:10]} Qe7
{[%clk 0:00:10]} 26. Nxf4 {[%clk 0:03:13]} exf4 {[%clk 0:00:12]} 27. Qxf4
{[%clk 0:03:12]} Qc5+ {[%clk 0:00:12]} 28. Qe3 {[%clk 0:03:15]} Qxc2
{[%clk 0:00:10]} 29. Re2 {[%clk 0:03:17]} Qc4 {[%clk 0:00:08]} 30. b3
{[%clk 0:02:59]} Qb4 {[%clk 0:00:08]} 31. Rf1 {[%clk 0:02:47]} Rf8
{[%clk 0:00:07]} 32. Rxf8+ {[%clk 0:02:32]} Kxf8 {[%clk 0:00:07]} 33. h4
{[%clk 0:02:30]} h6 {[%clk 0:00:09]} 34. a4 {[%clk 0:02:19]} Qc5 {[%clk 0:00:08]}
35. a5 {[%clk 0:02:00]} Qxa5 {[%clk 0:00:08]} 36. Qf4+ {[%clk 0:02:00]} Kg8
{[%clk 0:00:08]} 37. Kh2 {[%clk 0:00:54]} Qb4 {[%clk 0:00:08]} 38. h5
{[%clk 0:00:53]} Qxb3 {[%clk 0:00:08]} 39. Re3 {[%clk 0:00:44]} Qc4
{[%clk 0:00:08]} 40. Ra3 {[%clk 0:00:32]} Be6 {[%clk 0:00:07]} 41. Ra8+
{[%clk 0:00:33]} Kh7 {[%clk 0:00:10]} 42. Qf8 {[%clk 0:00:37]} Bg8
{[%clk 0:00:07]} 43. Qf5+ {[%clk 0:00:15]} Kh8 {[%clk 0:00:10]} 44. Rf8
{[%clk 0:00:19]} Qd5 {[%clk 0:00:10]} 45. Qg6 {[%clk 0:00:16]} Qd6+
{[%clk 0:00:09]} 46. Qxd6 {[%clk 0:00:18]} Nxd6 {[%clk 0:00:12]} 47. Kg3
{[%clk 0:00:22]} Kh7 {[%clk 0:00:13]} 48. Kf4 {[%clk 0:00:27]} Bd5
{[%clk 0:00:12]} 49. g4 {[%clk 0:00:31]} Nf7 {[%clk 0:00:15]} 50. Rc8
{[%clk 0:00:32]} Nd6 {[%clk 0:00:13]} 51. Rc7 {[%clk 0:00:33]} Ne4
{[%clk 0:00:12]} 52. Rd7 {[%clk 0:00:37]} Nf6 {[%clk 0:00:16]} 53. Rd6
{[%clk 0:00:41]} Kg8 {[%clk 0:00:19]} 54. Rd8+ {[%clk 0:00:45]} Kf7
{[%clk 0:00:23]} 55. Rc8 {[%clk 0:00:49]} Ne8 {[%clk 0:00:07]} 56. g5
{[%clk 0:00:49]} hxg5+ {[%clk 0:00:09]} 57. Kxg5 {[%clk 0:00:54]} Nf6
{[%clk 0:00:13]} 58. Rc7+ {[%clk 0:00:56]} Kg8 {[%clk 0:00:17]} 59. Rc8+
{[%clk 0:00:29]} Kh7 {[%clk 0:00:16]} 60. Rc7 {[%clk 0:00:33]} Ne4+
{[%clk 0:00:17]} 61. Kf4 {[%clk 0:00:37]} Kh6 {[%clk 0:00:20]} 62. Ke5
{[%clk 0:00:39]} Ng3 {[%clk 0:00:19]} 63. Rc8 {[%clk 0:00:42]} Nxh5
{[%clk 0:00:14]} 64. Kf5 {[%clk 0:00:46]} g6+ {[%clk 0:00:16]} 65. Ke5
{[%clk 0:00:50]} Kg5 {[%clk 0:00:19]} 66. Ra8 {[%clk 0:00:54]} Ng3
{[%clk 0:00:20]} 67. Ra1 {[%clk 0:00:58]} Nf5 {[%clk 0:00:20]} 68. Rg1+
{[%clk 0:01:03]} Kh5 {[%clk 0:00:23]} 69. Kf6 {[%clk 0:01:07]} Nh4
{[%clk 0:00:19]} 70. Rg5+ {[%clk 0:01:11]} Kh6 {[%clk 0:00:22]} 71. Rg4
{[%clk 0:01:15]} Kh5 {[%clk 0:00:09]} 72. Rg5+ {[%clk 0:01:19]} Kh6
{[%clk 0:00:13]} 73. Rg4 {[%clk 0:01:23]} Nf3 {[%clk 0:00:11]} 74. Rxg6+
{[%clk 0:01:25]} Kh5 {[%clk 0:00:15]} 75. Rg3 {[%clk 0:01:28]} Kh4
{[%clk 0:00:13]} 76. Rg7 {[%clk 0:01:31]} Kh3 {[%clk 0:00:12]} 77. Kf5
{[%clk 0:01:35]} Nd4+ {[%clk 0:00:11]} 78. Ke5 {[%clk 0:01:39]} Nf3+
{[%clk 0:00:15]} 79. Kf4 {[%clk 0:01:43]} Nd4 {[%clk 0:00:13]} 80. Ke5
{[%clk 0:01:47]} Ne2 {[%clk 0:00:14]} 81. Rd7 {[%clk 0:01:47]} Nc3
{[%clk 0:00:06]} 82. Kd4 {[%clk 0:01:42]} Nb5+ {[%clk 0:00:07]} 83. Kc5
{[%clk 0:01:46]} Nc3 {[%clk 0:00:11]} 84. Kd4 {[%clk 0:01:45]} Ne2+
{[%clk 0:00:09]} 85. Ke3 {[%clk 0:01:48]} Ng3 {[%clk 0:00:09]} 86. Rxd5
{[%clk 0:01:51]} cxd5 {[%clk 0:00:08]} 87. Kd4 {[%clk 0:01:55]} Kh2
{[%clk 0:00:06]} 88. Kxd5 {[%clk 0:01:59]} 1/2-1/2

[Event "Chron PESEL pl OPEN C"]
[Site "?"]
[Date "2022.12.11"]
[Round "9.10"]
[White "Lewicki, Miroslaw"]
[Black "Pycinski, Wladyslaw"]
[Result "1-0"]
[BlackElo "1709"]
[WhiteElo "2239"]
[LiveChessVersion "1.4.8"]

1. g3 {[%clk 0:10:09]} g6 {[%clk 0:10:09]} 2. Bg2 {[%clk 0:10:13]} Bg7
{[%clk 0:10:13]} 3. Nf3 {[%clk 0:10:17]} c5 {[%clk 0:10:13]} 4. O-O
{[%clk 0:10:20]} Nf6 {[%clk 0:10:13]} 5. d4 {[%clk 0:10:22]} cxd4
{[%clk 0:10:16]} 6. Nxd4 {[%clk 0:10:26]} O-O {[%clk 0:10:18]} 7. c4
{[%clk 0:10:29]} Nc6 {[%clk 0:10:18]} 8. Nc3 {[%clk 0:10:31]} Nxd4
{[%clk 0:10:17]} 9. Qxd4 {[%clk 0:10:35]} d6 {[%clk 0:10:21]} 10. Qd3
{[%clk 0:10:29]} Bf5 {[%clk 0:10:15]} 11. e4 {[%clk 0:10:32]} Be6
{[%clk 0:10:19]} 12. b3 {[%clk 0:10:36]} a5 {[%clk 0:10:07]} 13. Bb2
{[%clk 0:10:39]} Nd7 {[%clk 0:10:11]} 14. Rad1 {[%clk 0:10:35]} Nc5
{[%clk 0:10:10]} 15. Qe2 {[%clk 0:10:31]} Qb6 {[%clk 0:10:12]} 16. Nb5
{[%clk 0:10:18]} Bxb2 {[%clk 0:10:01]} 17. Qxb2 {[%clk 0:10:22]} Bd7
{[%clk 0:10:04]} 18. a4 {[%clk 0:10:21]} Bc6 {[%clk 0:09:58]} 19. Rfe1
{[%clk 0:10:16]} Rfd8 {[%clk 0:09:42]} 20. e5 {[%clk 0:10:08]} Bxg2
{[%clk 0:09:37]} 21. Kxg2 {[%clk 0:10:11]} dxe5 {[%clk 0:09:36]} 22. Qxe5
{[%clk 0:08:39]} Nd3 {[%clk 0:08:49]} 23. Rxd3 {[%clk 0:07:57]} Rxd3
{[%clk 0:08:52]} 24. Nc7 {[%clk 0:07:24]} Rd2 {[%clk 0:06:41]} 25. Qf4
{[%clk 0:06:14]} Rxf2+ {[%clk 0:06:39]} 26. Qxf2 {[%clk 0:06:17]} Qxc7
{[%clk 0:06:43]} 27. Qe3 {[%clk 0:05:41]} e6 {[%clk 0:06:36]} 28. h4
{[%clk 0:05:34]} h5 {[%clk 0:06:18]} 29. Qe5 {[%clk 0:04:38]} Qc6+
{[%clk 0:05:56]} 30. Kh2 {[%clk 0:04:40]} Rd8 {[%clk 0:05:50]} 31. Qxa5
{[%clk 0:03:34]} Rd3 {[%clk 0:05:47]} 32. Rf1 {[%clk 0:03:34]} Qd6
{[%clk 0:05:12]} 33. Qg5 {[%clk 0:02:27]} Rxb3 {[%clk 0:04:32]} 34. Rf2
{[%clk 0:02:30]} Rb1 {[%clk 0:02:48]} 35. Qf6 {[%clk 0:02:11]} Qd7
{[%clk 0:02:48]} 36. a5 {[%clk 0:01:57]} Rd1 {[%clk 0:02:36]} 37. Qf4
{[%clk 0:01:29]} Rd6 {[%clk 0:01:33]} 38. c5 {[%clk 0:00:41]} Rd5
{[%clk 0:01:37]} 39. a6 {[%clk 0:00:31]} bxa6 {[%clk 0:00:07]} 40. c6
{[%clk 0:00:35]} Qe7 {[%clk 0:00:11]} 41. Qb8+ {[%clk 0:00:34]} Rd8
{[%clk 0:00:06]} 42. c7 {[%clk 0:00:37]} Rxb8 {[%clk 0:00:10]} 43. cxb8=Q+
{[%clk 0:00:36]} Kh7 {[%clk 0:00:14]} 44. Qf4 {[%clk 0:00:36]} Kg7
{[%clk 0:00:18]} 45. Qe5+ {[%clk 0:00:39]} Kg8 {[%clk 0:00:22]} 46. Rb2
{[%clk 0:00:40]} f6 {[%clk 0:00:09]} 47. Qe4 {[%clk 0:00:38]} Qe8
{[%clk 0:00:10]} 48. Rb7 {[%clk 0:00:33]} 1-0

[Event "Chron PESEL pl OPEN C"]
[Site "?"]
[Date "2022.12.11"]
[Round "9.11"]
[White "Brzezina, Piotr"]
[Black "Jakubiec, Edyta"]
[Result "1-0"]
[BlackElo "2126"]
[WhiteElo "1719"]
[LiveChessVersion "1.4.8"]

1. d4 {[%clk 0:10:09]} Nf6 {[%clk 0:10:02]} 2. c4 {[%clk 0:10:12]} e6
{[%clk 0:10:02]} 3. Nc3 {[%clk 0:10:16]} b6 {[%clk 0:10:01]} 4. e4
{[%clk 0:09:59]} Bb4 {[%clk 0:09:48]} 5. f3 {[%clk 0:09:01]} O-O {[%clk 0:07:58]}
6. e5 {[%clk 0:07:50]} Ne8 {[%clk 0:07:56]} 7. f4 {[%clk 0:07:44]} Bb7
{[%clk 0:07:38]} 8. Nf3 {[%clk 0:07:22]} Be7 {[%clk 0:06:17]} 9. Be2
{[%clk 0:06:52]} d6 {[%clk 0:05:15]} 10. O-O {[%clk 0:06:21]} c5 {[%clk 0:04:41]}
11. dxc5 {[%clk 0:04:28]} bxc5 {[%clk 0:03:51]} 12. exd6 {[%clk 0:03:45]} Nxd6
{[%clk 0:03:50]} 13. Be3 {[%clk 0:03:22]} Nf5 {[%clk 0:03:47]} 14. Bf2
{[%clk 0:03:18]} Nc6 {[%clk 0:03:23]} 15. Bd3 {[%clk 0:02:27]} Nfd4
{[%clk 0:02:37]} 16. Nxd4 {[%clk 0:02:22]} Nxd4 {[%clk 0:02:35]} 17. Be4
{[%clk 0:02:20]} Rb8 {[%clk 0:02:17]} 18. b3 {[%clk 0:01:32]} Qa5
{[%clk 0:02:07]} 19. Bxb7 {[%clk 0:00:46]} Rxb7 {[%clk 0:01:44]} 20. Rc1
{[%clk 0:00:07]} Rd8 {[%clk 0:01:40]} 21. Qe1 {[%clk 0:00:09]} Kf8
{[%clk 0:01:23]} 22. Qe4 {[%clk 0:00:08]} Rbd7 {[%clk 0:01:15]} 23. Qxh7
{[%clk 0:00:12]} Ke8 {[%clk 0:01:14]} 24. Qxg7 {[%clk 0:00:10]} Nf5
{[%clk 0:01:12]} 25. Qh8+ {[%clk 0:00:07]} Bf8 {[%clk 0:01:16]} 26. Ne4
{[%clk 0:00:11]} Rc7 {[%clk 0:00:50]} 27. Nf6+ {[%clk 0:00:08]} Ke7
{[%clk 0:00:53]} 28. Bh4 {[%clk 0:00:06]} Nxh4 {[%clk 0:00:45]} 29. Qxh4
{[%clk 0:00:10]} Rd2 {[%clk 0:00:21]} 30. Ne4+ {[%clk 0:00:07]} Ke8
{[%clk 0:00:21]} 31. Rfd1 {[%clk 0:00:07]} Rd4 {[%clk 0:00:19]} 32. Nf6+
{[%clk 0:00:08]} Ke7 {[%clk 0:00:22]} 33. Nd5+ {[%clk 0:00:10]} Kd7
{[%clk 0:00:24]} 34. Nxc7 {[%clk 0:00:07]} Kxc7 {[%clk 0:00:26]} 35. Qf6
{[%clk 0:00:07]} 1-0

[Event "Chron PESEL pl OPEN C"]
[Site "?"]
[Date "2022.12.11"]
[Round "9.12"]
[White "Marszalek, Jakub"]
[Black "Mazurkiewicz, Michal"]
[Result "0-1"]
[BlackElo "2120"]
[WhiteElo "1614"]
[LiveChessVersion "1.4.8"]

1. e4 {[%clk 0:10:08]} d6 {[%clk 0:10:10]} 2. d4 {[%clk 0:10:11]} Nf6
{[%clk 0:10:14]} 3. Nc3 {[%clk 0:10:14]} c6 {[%clk 0:10:18]} 4. Nf3
{[%clk 0:10:15]} Bg4 {[%clk 0:10:22]} 5. Be2 {[%clk 0:10:19]} e6 {[%clk 0:10:26]}
6. h3 {[%clk 0:10:22]} Bh5 {[%clk 0:10:30]} 7. O-O {[%clk 0:10:25]} d5
{[%clk 0:10:34]} 8. Bg5 {[%clk 0:10:14]} Be7 {[%clk 0:10:38]} 9. Bxf6
{[%clk 0:09:49]} Bxf6 {[%clk 0:10:41]} 10. Ne5 {[%clk 0:09:25]} Bxe2
{[%clk 0:10:21]} 11. Qxe2 {[%clk 0:09:28]} Bxe5 {[%clk 0:09:55]} 12. dxe5
{[%clk 0:09:27]} O-O {[%clk 0:09:50]} 13. Qg4 {[%clk 0:09:11]} Nd7
{[%clk 0:09:42]} 14. Qg3 {[%clk 0:08:51]} Qb6 {[%clk 0:09:07]} 15. Kh1
{[%clk 0:07:40]} d4 {[%clk 0:07:44]} 16. Nd1 {[%clk 0:07:12]} Qc5
{[%clk 0:07:43]} 17. c3 {[%clk 0:06:53]} dxc3 {[%clk 0:07:27]} 18. Nxc3
{[%clk 0:06:57]} Nxe5 {[%clk 0:06:35]} 19. f4 {[%clk 0:06:38]} Nc4
{[%clk 0:06:29]} 20. b3 {[%clk 0:06:04]} Ne3 {[%clk 0:03:50]} 21. Rfc1
{[%clk 0:05:16]} Qd4 {[%clk 0:03:54]} 22. Qf3 {[%clk 0:04:46]} f5
{[%clk 0:03:18]} 23. e5 {[%clk 0:04:05]} Rad8 {[%clk 0:03:00]} 24. Ne2
{[%clk 0:03:47]} Qd2 {[%clk 0:02:50]} 25. Ng3 {[%clk 0:03:28]} Rd3
{[%clk 0:02:32]} 26. Nf1 {[%clk 0:03:04]} Nxf1 {[%clk 0:02:36]} 27. Qxf1
{[%clk 0:03:08]} Rfd8 {[%clk 0:02:40]} 28. Kh2 {[%clk 0:02:52]} Qe3
{[%clk 0:02:17]} 29. Re1 {[%clk 0:02:41]} Qd4 {[%clk 0:02:17]} 30. Rac1
{[%clk 0:02:28]} Rd2 {[%clk 0:02:20]} 31. Qc4 {[%clk 0:02:22]} Qxc4
{[%clk 0:02:16]} 32. Rxc4 {[%clk 0:02:07]} Rxa2 {[%clk 0:02:20]} 33. Rb4
{[%clk 0:02:02]} b5 {[%clk 0:02:18]} 34. Rc1 {[%clk 0:01:49]} a5 {[%clk 0:02:12]}
0-1